Films avec Pierre Vernier (par image) - Statistiques

Statistiques générales
  • Ce quiz a été pris 4 fois
  • Le résultat moyen est 5 sur 16
Statistiques - réponses
Par images Réponse % Correct
Le Guignolo
75%
Le Marginal
75%
Le Professionnel
75%
Comme un chef
50%
I... comme Icare
50%
Le Solitaire
50%
Le Sucre
50%
Cours privé
25%
Itinéraire d'un enfant gâté
25%
L'Inconnu dans la maison
25%
Sous le sable
25%
À gauche, en sortant de l'ascenceur
0%
Caroline chérie
0%
L'Antidote
0%
Le Jardinier d'Argenteuil
0%
On n'est pas des anges... elles non plus
0%
Aucun quiz correspondant
Distribution des résultats
% des personnes avec chaque résultat
Percentile par nombre de réponses
Votre historique - résultats
Vous n’avez pas pris ce quiz